000 00437nam a2200157 i 4500
001 77311
003 ES-MaACL
005 20230906173145.0
007 t|
008 041007s1923 fr ||||1| fre d
100 1 _aHabert, O.
_961380
245 1 2 _aL'Ecole Sociologique et les origins de la morale /
_cpar O. Habert.
260 _a[Niort :
_bTh Martin,
_c1923]
300 _aVIII, 304 p. ;
_c19 cm.
852 _aES-MaACL
_jF-6700
_bR.5220
999 _c77311
_d77311